"CAYUPI, LEONARDO S/ABUSO SEXUAL SIMPLE Y ABUSO SEXUAL CON ACCESO CARNAL" / (Record no. 1265)
[ view plain ]
| 000 -CABECERA | |
|---|---|
| Campo de control de longitud fija | 00974nam a22002897a 4500 |
| 005 - FECHA Y HORA DE LA ULTIMA TRANSACCION (NR) | |
| Campo de control | 20260327121938.0 |
| 008 - ELEMENTOS DE LONGITUD FIJA -- INFORMACION GENERAL (NR) | |
| Campo de control de longitud fija | 260327b2026 ag ||||| |||| 00| 0 spa d |
| 020 ## - TIPO DE RESOLUCION Y NUMERO | |
| Número de Resolución | TI Sentencia N° 14/26 fecha 27/3/26 |
| Tipo de Resolución | Sentencias |
| 110 ## - ASIENTO PRINCIPAL--NOMBRE CORPORATIVO (NR) | |
| Nombre corporativo o de jurisdicción como elemento de entrada (NR) | Tribunal de Impugnación |
| 9 (RLIN) | 1 |
| 245 ## - CARATULA | |
| Caratula | "CAYUPI, LEONARDO S/ABUSO SEXUAL SIMPLE Y ABUSO SEXUAL CON ACCESO CARNAL" / |
| Mención de responsabilidad, etc. (NR) | Tribunal de Impugnación |
| 300 ## - DESCRIPCION FISICA (R) | |
| Extensión (R) | 54p. |
| Otros detalles físicos (NR) | |
| 518 ## - NOTA DE FECHA/HORA Y LUGAR DE UN EVENTO (R) | |
| Fecha de la Resolución (NR) | 27/03/26 |
| 653 ## - TERMINO DE INDIZACION - NO CONTROLADO (R) | |
| Término de indización no controlado (R) | ABUSO SEXUAL SIMPLE |
| 653 ## - TERMINO DE INDIZACION - NO CONTROLADO (R) | |
| Término de indización no controlado (R) | DELITO CONTINUADO |
| 653 ## - TERMINO DE INDIZACION - NO CONTROLADO (R) | |
| Término de indización no controlado (R) | ARTS. 119 1ER PÁRRAFO y SS CP |
| 653 ## - TERMINO DE INDIZACION - NO CONTROLADO (R) | |
| Término de indización no controlado (R) | PRINCIPIO DE CONGRUENCIA |
| 653 ## - TERMINO DE INDIZACION - NO CONTROLADO (R) | |
| Término de indización no controlado (R) | TESTIMONIO ÚNICO DE LA VÍCTIMA |
| 653 ## - TERMINO DE INDIZACION - NO CONTROLADO (R) | |
| Término de indización no controlado (R) | COHERENCIA INTERNA Y EXTERNA DEL RELATO |
| 653 ## - TERMINO DE INDIZACION - NO CONTROLADO (R) | |
| Término de indización no controlado (R) | CORROBORACIÓN PERIFÉRICA |
| 653 ## - TERMINO DE INDIZACION - NO CONTROLADO (R) | |
| Término de indización no controlado (R) | CÁMARA GESELL |
| 700 ## - FIRMANTES - NOMBRE PERSONAL (R) | |
| Nombre personal (NR) | Martini, Florencia María |
| 9 (RLIN) | 11 |
| 700 1# - FIRMANTES - NOMBRE PERSONAL (R) | |
| Nombre personal (NR) | Sauli, Estefania |
| 9 (RLIN) | 70 |
| 700 1# - FIRMANTES - NOMBRE PERSONAL (R) | |
| Nombre personal (NR) | Macagno, Mauricio |
| 9 (RLIN) | 284 |
| Término de relación (R) | (DISIDENCIA EN COSTAS) |
| 774 ## - NUMERO DE LEGAJO | |
| Número de Legajo | LEG 23120/23 |
| 856 ## - LOCALIZACION Y ACCESO ELECTRONICOS (R) | |
| Texto del vínculo (R) | texto completo |
| 942 ## - Elementos Agregados (KOHA) | |
| Fuente de clasificación o esquema de estanterías | Dewey Decimal Classification |
| Tipo de material Koha (Default) | Sentencias |
No items available.

